Online
Catalog

Vecinos y extraños : (Record no. 25995)

MARC details
000 -CABECERA
campo de control de longitud fija 03003nam a2200289 a 4500
001 - NÚMERO DE CONTROL
campo de control 000026503
005 - FECHA Y HORA DE LA ÚLTIMA TRANSACCIÓN
campo de control 20250120091142.0
008 - DATOS DE LONGITUD FIJA--INFORMACIÓN GENERAL
campo de control de longitud fija 110322s2001 dr a 000 0 spa d
040 ## - FUENTE DE LA CATALOGACIÓN
Centro catalogador/agencia de origen DO-SdBNP
Lengua de catalogación spa
Centro/agencia transcriptor BNPHU
082 ## - NÚMERO DE LA CLASIFICACIÓN DECIMAL DEWEY
Número de clasificación 304.8
Número de documento/Ítem B142v
100 1# - ENTRADA PRINCIPAL--NOMBRE DE PERSONA
Nombre de persona Báez Evertsz, Franc ,
Fechas asociadas al nombre 1948-2016
9 (RLIN) 55030
245 10 - MENCIÓN DE TÍTULO
Título Vecinos y extraños :
Resto del título migrantes y relaciones inter-étnicas en un barrio popular /
Mención de responsabilidad, etc. Franc Báez Evertsz.
260 ## - PUBLICACIÓN, DISTRIBUCIÓN, ETC.
Lugar de publicación, distribución, etc. Santo Domingo :
Nombre del editor, distribuidor, etc. Servicio Jesuita a Refugiados,
Fecha de publicación, distribución, etc. 2001.
300 ## - DESCRIPCIÓN FÍSICA
Extensión 176 p. :
Otras características físicas il. ;
Dimensiones 21 cm.
490 1# - MENCIÓN DE SERIE
Mención de serie Relaciones Dominico-Haitianas
Designación de volumen o secuencia 2
500 ## - NOTA GENERAL
Nota general Incluye referencias bibliográficas y notas al pie de las páginas
500 ## - NOTA GENERAL
Nota general Incluye índice de cuadro y gráficos
504 ## - NOTA DE BIBLIOGRAFÍA, ETC.
Nota de bibliografía, etc. Bibliografía : p. 169-176
505 0# - NOTA DE CONTENIDO CON FORMATO
Título Presentación --
-- Introducción --
-- Metodología --
-- El barrio y el trabajo de campo: fuentes y técnicas --
-- Cuestionarios --
-- Características sociodemográficas de los hogares --
-- Tamaño y tipos de hogares --
-- Población y composición de los hogares --
-- Niveles educativos --
-- Perfiles del procesos migratorios --
-- País de nacimiento y orígenes regionales --
-- Migración a la ciudad de Santo domingo y al barrio --
-- Tipos de migrantes y tiempos de radicación en el barrio --
-- Antigüedad de radicación, forma de traslados y procedencia regional --
-- Forma de traslados, desplazamientos Interbarriales y asentamiento en el barrio --
-- Documentación de identificación personal --
-- Documentación y jefes de hogares --
-- Documentación y población de los hogares --
-- Sobre los tipos de documentos --
-- Trabajo y condiciones de vida --
-- La incorporación al trabajo --
-- Informalidad y economía subterránea --
-- Vivienda y servicios básicos --
-- Nivel de ingresos, indigencia y pobreza --
-- Dimensiones de la discriminación y el prejuicio --
-- Representaciones de la discriminación: percepciones y reportes de los colectivos --
-- Imágenes del otro en la relación de vecindad --
-- Valoraciones sobre el haitiano generalizado --
-- Actitudes de los dominicanos respecto a los haitianos --
-- Relaciones interétnicas en los espacio popular urbano --
-- Aspectos del contexto del barrio y los colectivos --
-- Representaciones colectivas de las relaciones inter-étnicas --
-- Relaciones de vecindad y fuentes de conflictos --
-- Interacción social y praxis cotidiana de vecindad --
-- Distancia social, actitudes y relaciones inter-étnicas --
-- Aproximación y distancia social entre colectivos --
-- Actitudes y relaciones inter-étnicas --
-- Identidad nacional y relaciones inter-étnicas --
-- Identidades nacionales --
-- Identidad y relaciones inter-étnicas.
590 ## - NOTA LOCAL (RLIN)
Nota local Inventariado, 2018/VM
650 #4 - PUNTO DE ACCESO ADICIONAL DE MATERIA--TÉRMINO DE MATERIA
Término de materia o nombre geográfico como elemento de entrada Haitianos en la república dominicana
9 (RLIN) 35154
650 #4 - PUNTO DE ACCESO ADICIONAL DE MATERIA--TÉRMINO DE MATERIA
Término de materia o nombre geográfico como elemento de entrada Relaciones etnicas-república dominicana
9 (RLIN) 53576
651 #4 - PUNTO DE ACCESO ADICIONAL DE MATERIA--NOMBRE GEOGRÁFICO
Nombre geográfico República Dominicana
Subdivisión general Emigración E Inmigración
9 (RLIN) 290
651 #4 - PUNTO DE ACCESO ADICIONAL DE MATERIA--NOMBRE GEOGRÁFICO
Nombre geográfico Haiti
Subdivisión general Emigración E Inmigración
9 (RLIN) 1425
830 #0 - PUNTO DE ACCESO ADICIONAL DE SERIE-TÍTULO UNIFORME
Título uniforme Relaciones Dominico-Haitianas
Número de parte o sección de la obra 2
9 (RLIN) 53577
910 ## - DATOS DE OPCIÓN DEL USUARIO (OCLC)
Datos de opción del usuario Validado. Control de calidad MFF
Holdings
Estado de retiro Estado de pérdida No para préstamo Código de colección Localización permanente Ubicación/localización actual Ubicación en estantería Fecha de adquisición Número de inventario Total de préstamos Signatura topográfica completa Código de barras Fecha visto por última vez Precio válido a partir de Tipo de ítem Koha
    Excluido de préstamo Patrimonio Dominicano Patrimonio Dominicano Patrimonio Dominicano Depósito 22.03.2011 LF1   304.8 B142v 26503-10 25.06.2020 25.06.2020 Libro y Folleto Colección Patrimonio Dominicano

Powered by Koha